000 00634nam a2200217Ia 4500
003 OSt
005 20230502154046.0
008 210423s2020 xx 000 0 und d
020 _a978-8-132-23967-3
040 _cAL
041 _aeng
082 _a660.29
_223
_bAMEG
100 _aAMETA (K L);DANDIA (Anushu)
_996357
245 _aGreen chemistry: synthesis of bioactive heterocycles
260 _aNew Delhi
_bSpringer Verlag
_c2020
300 _axiii,412
_bHB
365 _b2495
_cINR
650 _aApplied Physical Chemistry
_996358
906 _abioactive ; chemistry: ; Green ; heterocycles ; synthesis
942 _2ddc
_cBK
999 _c170711
_d170711